| 000 | 00644nam a2200205 a 4500 | ||
|---|---|---|---|
| 003 | PILC | ||
| 005 | 20150810104414.0 | ||
| 008 | 130416s 000 0 eng d | ||
| 020 | _a9781285073071 | ||
| 050 | 0 | 0 |
_aHF 5635 _b.W35 2014 |
| 100 | 1 | _aWarren, Carl S. | |
| 245 | 1 | 0 |
_aAccounting / _cCarl S. Warren, James M. Reeve, Jonathan E. Duchac. |
| 250 | _a25th ed. | ||
| 260 |
_aAustralia : _bSouth-Western/Cengage Learning, _c2014. |
||
| 300 |
_a1 v. (various pagings) : _bcolor illustrations ; _c29 cm. |
||
| 650 | 0 | _aAccounting. | |
| 700 | 1 |
_aReeve, James M., _d1953- |
|
| 700 | 1 | _aDuchac, Jonathan E. | |
| 942 |
_2lcc _cBK _kFOR |
||
| 999 |
_c288374 _d288374 |
||